000 00428nam a22001817a 4500
003 koha_MIRAKIL
005 20231213095644.0
008 231213b |||||||| |||| 00| 0 ||| d
020 _b978-9-75071888-5
040 _aTR-IsEVY
_btur
_cTR-IsEVY
082 _a810 BUL/M
100 _aBULUT, SÜLEYMAN.
245 0 _aMOR BENEKLİ.
260 _bCan,
_c2013
300 _a41.
650 _aTürk Edebiyatı.
942 _2ddc
_cBK
999 _c7254
_d7254